00697nam a2200205Ia 4500003000900000008004100009020001800050040001600068080001600084110003500100245011900135250001300254260004400267300001100311650003600322650001900358942000700377999001500384952009200399IN-BaIIA211028s9999 xx 000 0 eng d a0-85229-413-1 cIIA Library a031bEBR-14 aEncyclopedia Britannica910946 4aThe New Encyclopaedia Britannica in 30 volumes : Macropaediabvol.14, Knowledge in Dept.hcEncyclopedia Britannica a15th ed. aChicagobEncyclopaedia Britannicac1984 a1115p. aEncyclopedia-Macropaedia913717 aNASA Thesaurus cBK c8163d8163 00104070aBANbBANcGENd1985-03-19l0o031/ EBR-14p9002r2021-11-05w1985-03-19yBK